Fantasía, fantasmas, brujas y diablos [película] (Record no. 26933)
[ view plain ]
| 000 -LEADER | |
|---|---|
| campo de control de longitud fija | 00849nam a2200157Ia 4500 |
| 008 - DATOS DE LONGITUD FIJA--INFORMACIÓN GENERAL | |
| campo de control de longitud fija | 240524s9999 xx 000 0 und d |
| 020 ## - NÚMERO INTERNACIONAL ESTÁNDAR DEL LIBRO | |
| Número Internacional Estándar del Libro | 978-958-747-056-7 (Libro) |
| 040 ## - FUENTE DE CATALOGACIÓN | |
| Centro catalogador/agencia de origen | CO-BoUPN;CO-PeBPM |
| 245 #0 - MENCIÓN DEL TÍTULO | |
| Título | Fantasía, fantasmas, brujas y diablos [película] |
| 260 ## - PUBLICACIÓN, DISTRIBUCIÓN, ETC. | |
| Lugar de publicación, distribución, etc. | Bogotá: |
| 260 ## - PUBLICACIÓN, DISTRIBUCIÓN, ETC. | |
| Nombre del editor, distribuidor, etc. | Yoyo music |
| 300 ## - DESCRIPCIÓN FÍSICA | |
| Extensión | 6 DVD. son.,col. en estuche de 19 x 14cm |
| 490 ## - MENCIÓN DE SERIE | |
| Mención de serie | Cine club películas para coleccionistas; 23 |
| 650 ## - PUNTO DE ACCESO ADICIONAL DE MATERIA--TÉRMINO DE MATERIA | |
| Término de materia o nombre geográfico como elemento de entrada | Películas cinematográficas^x-Colecciones^aCine de terror^x-Colecciones |
| 949 ## - PROCESAMIENTO DE INFORMACIÓN LOCAL (OCLC) | |
| a | UD00056|100|0|000000|1|100|3|7/25/2018 5:02:00 PM|No,AUD00057|100|0|000000|1|100|3|7/25/2018 5:02:17 PM|No,AUD00060|100|0|000000|1|100|3|7/25/2018 5:03:03 PM|No,AUD00058|100|0|000000|1|100|3|7/25/2018 5:02:30 PM|No,AUD00059|100|0|000000|1|100|3|7/25/2018 5:02:46 PM|No,AUD00061|100|0|000000|1|100|3|7/25/2018 5:03:19 PM|No |
No items available.